000 00509nam a2200193Ia 4500
005 20240823012525.0
008 240823s9999||||xx |||||||||||||| ||und||
020 _a81-224-1468-0
041 _aENGLISH
082 _A621.406 P3
100 _aYahya S M
245 0 _aFundamentals of Compressible Flow with Airgraft and Rocket Propulation
250 _a3rd
260 _c2003
_b"New Age,New "
500 _aTRANSFERED
650 _aPropulsion
_bAeronautical Engineering
942 _cBK
999 _c164644
_d164644